000 00642nam a2200205 a 4500
005 20220526132327.0
008 011129s2000 r 000 0 eng d
020 _a8432208523
035 _aUPN01000114310
049 _aCG
050 4 _aB68
_bC6.4
100 1 _aColli, Giorgio,
_d1917-1979
_934034
245 1 0 _aEnciclopedia de los maestros /
_cGiorgio Colli ; tr. Pilar Giralt Gorina.
260 _aBarcelona, Esp. :
_bSeix Barral,
_c2000.
300 _a159 p.
440 4 _aLos tres mundos.
_pEnsayo
534 _pTraducción de:
_tPer una enciclopedia di autori classici
650 7 _aFilosofía
_vMiscelánea
_2
_915075
905 _aLibro
999 _c88218
_d88218